[Event "Leipzig VfB op 09th"]
[Site "Leipzig"]
[Date "2002.03.09"]
[Round "8"]
[White "Markiewicz, Anja"]
[Black "Schulze, Susanne"]
[Result "1/2-1/2"]
[WhiteElo "814"]
[BlackElo "831"]
[PlyCount "40"]
[EventDate "2002.03.05"]
[EventType "swiss"]
[EventRounds "9"]
[EventCountry "GER"]
[SourceTitle "EXT 2007"]
[Source "ChessBase"]
[SourceDate "2006.11.23"]
[SourceVersion "1"]
[SourceVersionDate "2006.11.23"]
[SourceQuality "1"]

1. c4 Nf6 2. Nc3 e5 3. Nf3 Nc6 4. d4 Bb4 5. dxe5 Nh5 6. g4 Bxc3+ 7. bxc3 g6 8. gxh5 gxh5 9. Bg5 Ne7 10. Bf6 Rg8 11. Rg1 Rxg1 12. Nxg1 d6 13. Qd4 Bg4 14. exd6 cxd6 15. f3 Be6 16. 0-0-0 Qd7 17. c5 Rd8 18. cxd6 Bxa2 19. Bxe7 Rc8 20. Bh3 Rxc3+ 1/2-1/2

[Event "Leipzig VfB op 09th"]
[Site "Leipzig"]
[Date "2002.03.08"]
[Round "6"]
[White "Riedel, Kristina"]
[Black "Markiewicz, Anja"]
[Result "1-0"]
[WhiteElo "1402"]
[BlackElo "814"]
[PlyCount "153"]
[EventDate "2002.03.05"]
[EventType "swiss"]
[EventRounds "9"]
[EventCountry "GER"]
[SourceTitle "EXT 2007"]
[Source "ChessBase"]
[SourceDate "2006.11.23"]
[SourceVersion "1"]
[SourceVersionDate "2006.11.23"]
[SourceQuality "1"]

1. e4 e6 2. d4 d5 3. e5 Nc6 4. c3 f6 5. f4 fxe5 6. fxe5 Nge7 7. Bd3 g6 8. Bg5 Qd7 9. Nf3 h6 10. Be3 b6 11. Nh4 Rg8 12. Qc2 Nf5 13. Nxf5 gxf5 14. g3 Bg7 15. Qd2 Rh8 16. Na3 Bb7 17. Nc2 0-0-0 18. 0-0-0 Bf8 19. Ne1 h5 20. Ng2 Na5 21. b3 Qc6 22. Kb2 b5 23. Rc1 Ba6 24. Nh4 Kb8 25. Bg5 Rd7 26. Be2 Rdh7 27. Ng6 Rg8 28. Nh4 Qd7 29. Ng2 Be7 30. Bxe7 Qxe7 31. Rhg1 c5 32. Nf4 c4 33. b4 Nc6 34. Bxh5 Qg5 35. h4 Qh6 36. Qf2 Ne7 37. Rg2 Qf8 38. Nxe6 Qc8 39. Nf4 Qc6 40. Bf3 Bc8 41. Nh5 Rf7 42. Nf6 Rgf8 43. Rh1 Ng8 44. Bxd5 Qc7 45. Bxf7 Qxf7 46. Nxg8 Qxg8 47. Qf4 Bb7 48. Rhg1 Bxg2 49. Rxg2 Rf7 50. e6+ Rc7 51. Qxf5 Re7 52. Qxb5+ Ka8 53. Qc6+ Rb7 54. e7 Qf7 55. e8Q+ Qxe8 56. Qxe8+ Rb8 57. Qxb8+ Kxb8 58. h5 a6 59. h6 Kb7 60. h7 Kb6 61. h8Q Kc6 62. Qe5 Kd7 63. Rf2 Kc6 64. Rf6+ Kd7 65. Qe7+ Kxe7 66. Rxa6 Kf7 67. b5 Ke7 68. b6 Kd8 69. b7 Kc7 70. Rb6 Kxb6 71. b8Q+ Kc6 72. Qd8 Kb5 73. Ka3 Kc6 74. Kb4 Kb7 75. Kc5 Ka7 76. Kc6 Ka6 77. Qb6# 1-0